000 00653nam a2200241Ia 4500
003 OSt
005 20220918181245.0
006 a|||||r|||| 00| 0
007 ta
008 220917b |||||||| |||| 00| 0 eng d
024 _a26,411
037 _cTextual
040 _aARTS
_cARTS
_beng
041 _2eng
_aeng
082 _aO111,1M09:g, K7
100 _aJump John D Ed.
245 0 _aTennyson
_b the critical heritage
260 _aLondon
_bRoutledge
_c1967
490 _aCritical heritage series
650 _aENGLISH LITERATURE
942 _hO111,1M09:g, K7
_cTEXL
_2CC
999 _c165026
_d165026